000 00500nam a2200145 a 4500
008 120416s1967 ||||||||||||||||| || u
020 _a0340574259
050 _aP 90 Dav
100 _aDavis, Martyn P
245 1 0 _aHandbook for media representatives
260 _aLondon
_bBusiness Publications
_c1967
300 _axv, 319p.
350 _a0.00
995 _D0.00
_FCBU-MAIN LIBRARY (Kitwe)
_H1
_I8.00
_M1
_UAVAILABLE
_ZAnnex Low-Usage Collection
999 _c45233
_d45233